Principles of CMOS VLSI design (Record no. 2744)

000 -LEADER
fixed length control field 00701nam a2200229 a 4500
001 - CONTROL NUMBER
control field 2744
003 - CONTROL NUMBER IDENTIFIER
control field BD-DhUET
008 - FIXED-LENGTH DATA ELEMENTS--GENERAL INFORMATION
fixed length control field 920421s1993 mauaf b 001 0 eng
020 ## - INTERNATIONAL STANDARD BOOK NUMBER
International Standard Book Number 0201533766
040 ## - CATALOGING SOURCE
Original cataloging agency DLC
Transcribing agency DLC
Modifying agency BD-DhUET
082 00 - DEWEY DECIMAL CLASSIFICATION NUMBER
Classification number 623.8173
Item number WES/1992
100 1# - MAIN ENTRY--PERSONAL NAME
Personal name Weste, Neil H. E.
245 10 - TITLE STATEMENT
Title Principles of CMOS VLSI design
Remainder of title a systems perspective
Statement of responsibility, etc. by Neil H.E. Weste and Kamran Eshraghian
250 ## - EDITION STATEMENT
Edition statement 2nd ed.
260 ## - PUBLICATION, DISTRIBUTION, ETC. (IMPRINT)
Place of publication, distribution, etc. New York
Name of publisher, distributor, etc. Addison-Wesley Publishing
Date of publication, distribution, etc. 1993
300 ## - PHYSICAL DESCRIPTION
Extent xxii, 713 p.
490 ## - SERIES STATEMENT
Series statement The VLSI system series
504 ## - BIBLIOGRAPHY, ETC. NOTE
Bibliography, etc Includes bibliographies
650 #0 - SUBJECT ADDED ENTRY--TOPICAL TERM
Topical term or geographic name as entry element Integrated circuits- VLSI-Design and construction
700 ## - ADDED ENTRY--PERSONAL NAME
Personal name Eshraghian, Kamran
942 ## - ADDED ENTRY ELEMENTS (KOHA)
Koha item type General Book
Holdings
Copy number Damaged status Koha issues (times borrowed) Price effective from Source of classification or shelving scheme Piece designation (barcode) Shelving location Date acquired Sublocation or collection (holding branch) Koha date last seen Koha date last borrowed Withdrawn status Koha item type Lost status Location (home branch) Not for loan Koha normalized classification for sorting Koha full call number
1  2014-09-30 107718Circulation section2014-09-30Central Library, BUET2014-09-30  General Book Central Library, BUET 623_817300000000000_WES_1993623.8173/WES/1993
2 12014-09-30 107801Circulation section2014-09-30Central Library, BUET2015-01-102014-12-13 General Book Central Library, BUET 623_000000000000000_8173WES199623.8173/WES/1993
3  2014-10-29 91121Circulation section2014-10-29Central Library, BUET2014-10-29  General Book Central Library, BUET 623_000000000000000_8173WES199623.8173/WES/1993
4  2014-10-29 91119Circulation section2014-10-29Central Library, BUET2014-10-29  General Book Central Library, BUET 623_817300000000000_WES_1993623.8173/WES/1993
5  2014-11-01 91120Circulation section2014-11-01Central Library, BUET2014-11-01  General Book Central Library, BUET 623_000000000000000_8173WES199623.8173/WES/1992
6 12014-11-01 91124Circulation section2014-11-01Central Library, BUET2018-08-272018-08-14 General Book Central Library, BUET 623_000000000000000_8173WES199623.8173/WES/1992
7  2014-11-09 91123Circulation section2014-11-09Central Library, BUET2017-01-01  General Book Central Library, BUET 623_000000000000000_8173WES199623.8173/WES/1993
8  2015-07-02 90588Reading section2015-07-02Central Library, BUET2015-07-02  Reading Item Central Library, BUET 623_817300000000000_WES_1993623.8173/WES/1993
9  2019-01-30 91122Circulation section1997-04-28Central Library, BUET2019-01-30  General Book Central Library, BUET 623_817300000000000_WES_1993623.8173/WES/1993